000 01886nam a22002537a 4500
999 _c59782
_d59782
003 Ge_BSU
005 20230418103649.0
008 230418s2016 ge ||||| |||| 00| 0 geo d
020 _a9789941094637
041 _ageo
080 _a72.071.1(479.22) ც-78
245 _aირაკლი ციციშვილი :
_b[კრებული] /
_cმთავარი რედაქტორი ნიკოლოზ ანთიძე ; დიზაინერი მაკა ცომაია; დიზაინერი მაკა ცომაია; საქ. კულტურული მემკვიდრეობის დაცვის ეროვნული სააგენტო.
264 _aთბილისი,
_c2016.
300 _a144 გვ. :
_bილ. ;
_c23 სმ.
500 _aგარეკანზე: ი. ციციშვილი, ტიმოთესუბნის მონასტერი.
501 _aწიგნში გამოყენებულია ირაკლი ციციშვილის 1946-1952 წლებში შესრულებული გრაფიკული ნამუშევრები და ჩანახატები.
653 _aციციშვილი, ირაკლი, 1918-2001.
653 _aქართველი არქიტექტორები
700 _aანთიძე, ნიკოლოზ
_eავტორი, რედაქტორი.
_917652
700 _aციციშვილი, მაია
_eრედაქტორი
_917653
700 _aცომაია, მაკა
_eდიზაინერი
_917654
710 _aსაქ. კულტურული მემკვიდრეობის დაცვის ეროვნული სააგენტო
_917655
942 _2udc
_cBK